Nová minimální mzda.

Nová výška a podmienky poskytovania minimálnej mzdy stanovené nariadením vlády z 23.1.1992. Výška minimálnej mzdy. Doplatky do minimálnej mzdy.

Salvato in:
Dettagli Bibliografici
Autore principale: Starecký, V.
Natura: Capitolo di libro
Lingua:ceco
Soggetti:
Tags: Aggiungi Tag
Nessun Tag, puoi essere il primo ad aggiungerne!!

MARC

LEADER 00000naa a2200000 4500
001 r007532
005 20220831090832.0
041 0 |a cze 
044 |a [CS] 
245 1 0 |a Nová minimální mzda.  |c V. Starecký 
520 |a Nová výška a podmienky poskytovania minimálnej mzdy stanovené nariadením vlády z 23.1.1992. Výška minimálnej mzdy. Doplatky do minimálnej mzdy. 
610 2 0 |a mzdy minimálne 
610 2 0 |a dokumenty vládne 
610 2 0 |a ČSFR 
610 2 0 |a 1992 
100 1 |a Starecký, V.